Australian Federal Electoral Divisions - Queensland - Statistics

General Stats
  • This quiz has been taken 28 times
  • The average score is 17 of 30
Answer Stats
Hint Answer % Correct
B Brisbane
95%
G Griffith
89%
K Kennedy
74%
R Ryan
74%
L Leichardt
68%
L Lilley
68%
M Maranoa
68%
D Dickson
63%
F Fisher
63%
M Moncrieff
63%
B Bonner
58%
H Herbert
58%
R Rankin
58%
W B Wide Bay
58%
C Capricornia
53%
F Forde
53%
G Groom
53%
L Longman
53%
P Petrie
53%
W Wright
53%
D Dawson
47%
F Fadden
47%
F Fairfax
47%
F Flynn
47%
H Hinkler
47%
M McPherson
47%
M Moreton
47%
O Oxley
47%
B Blair
42%
B Bowman
42%
No matching quizzes found
Score Distribution
Percent of People with Each Score
Percentile by Number Answered
Your Score History
You have not taken this quiz